El libro de la selva = The jungle book : (Registro nro. 37169)
[ vista simple ]
| 000 -CABECERA | |
|---|---|
| Longitud fija campo de control | 00672nam a2200193 4500 |
| 003 - • IDENTIFICADOR DELl NÚMERO DE CONTROL | |
| Identificador del número de control | CO-ViMGA |
| 020 ## - • NÚMERO INTERNACIONAL NORMALIZADO PARA LIBROS | |
| Número Internacional Normalizado para Libros (ISBN) | 9789583054112 |
| 040 ## - FUENTE DE LA CATALOGACIÓN | |
| Centro catalogador de origen | CO-ViMGA |
| Lengua de catalogación | spa |
| Centro transcriptor | CO-ViMGA |
| 082 04 - • NÚMERO DE LA CLASIFICACIÓN DECIMAL DEWEY | |
| Número de clasificación (R) | I 823.8 |
| Número del ítem | K36l |
| 100 1# - • PUNTO DE ACCESO PRINCIPAL-NOMBRE DE PERSONA | |
| Nombre de persona | Kipling, Rudyard, |
| Fechas asociadas al nombre | 1865-1936 |
| 245 10 - • TITULO PROPIAMENTE DICHO | |
| Título | El libro de la selva = The jungle book : |
| Resto del título | clásicos ingles - español / |
| Mención de responsabilidad, etc. | Rudyard Kipling ; traducción Antonio Ortiz |
| 300 ## - • DESCRIPCIÓN FÍSICA | |
| Extensión | 64 p. : |
| Otras características físicas | dibujos ; 22 cm. |
| 500 ## - • NOTA GENERAL | |
| Nota general | Texto bilingue en ingles y español |
| 650 14 - • PUNTO DE ACCESO ADICIONAL DE MATERIA - TÉRMINO DE MATERIA | |
| Término de materia o nombre geográfico como elemento inicial | Animales |
| Subdivisión de materia general | Novela juvenil |
| 650 14 - • PUNTO DE ACCESO ADICIONAL DE MATERIA - TÉRMINO DE MATERIA | |
| Término de materia o nombre geográfico como elemento inicial | Novela juvenil inglesa |
| 700 1# - • PUNTO DE ACCESO ADICIONAL - NOMBRE DE PERSONA | |
| Nombre de persona | Ortiz, Antonio, |
| Término indicativo de función | tr. |
| 942 ## - ENTRADA DE ELEMENTOS AGREGADOS (KOHA) | |
| Fuente de clasificaión o esquema | Dewey Decimal Classification |
| Koha [por defecto] tipo de item | LIbro |
| Perdido | Fuente de clasificación o esquema | Estado Físico | No para préstamo | Forma de adquisición | Localización permanente | Localización actual | Localización en estanterías | Fecha adquisición | Préstamos totales | Signatura completa | Código de barras | Fecha última consulta | Fecha del precio de reemplazo | Tipo de item de Koha |
|---|---|---|---|---|---|---|---|---|---|---|---|---|---|---|
| Dewey Decimal Classification | Sala General Segundo Piso | Biblioteca Pública Germán Arciniegas - Villavicencio | Biblioteca Pública Germán Arciniegas - Villavicencio | Sala Infantil | 01/31/2020 | 823.8 | 33040 | 01/31/2020 | 01/31/2020 | LIbro | ||||
| Dewey Decimal Classification | Sala General Segundo Piso | Biblioteca Pública Germán Arciniegas - Villavicencio | Biblioteca Pública Germán Arciniegas - Villavicencio | Sala Infantil | 01/31/2020 | 823.8 | 33041 | 12/23/2022 | 01/31/2020 | LIbro |